000 00292nam a2200121Ia 4500
005 20251222154330.0
008 251222s9999||||xx |||||||||||||| ||spa||
020 _a84-206-0747-9
082 _a818.9/P81
100 _a"Poundstone, William"
245 0 _aEl dilema del prisionero
942 _cLIB
999 _c34115
_d34115